Procedimientos e impugnaciones del Libro V del Código del Trabajo
Uloženo v:
| Hlavní autor: | |
|---|---|
| Médium: | Kniha |
| Jazyk: | španělština |
| Vydáno: |
Santiago
Metropolitana
2012
|
| Vydání: | 2a. ed |
| Témata: | |
| Tagy: |
Přidat tag
Žádné tagy, Buďte první, kdo vytvoří štítek k tomuto záznamu!
|
MARC
| LEADER | 00000cam a2200000 a 4500 | ||
|---|---|---|---|
| 001 | UCF4756 | ||
| 003 | CL-VaPUC | ||
| 008 | 121220e20120000CL |||||||||||||||||spa|d | ||
| 020 | |a 9789562861533 | ||
| 082 | 0 | 4 | |a 344.8301 |b PEÑ |2 21 |
| 100 | 0 | |a Peña Neira, Sergio |e author |9 566360 | |
| 245 | 1 | 0 | |a Procedimientos e impugnaciones del Libro V del Código del Trabajo |
| 250 | |a 2a. ed | ||
| 300 | |a 249 p | ||
| 942 | |c BK | ||
| 945 | |d 20121220 00:00:00 |a dcastane | ||
| 260 | |a Santiago |b Metropolitana |c 2012 | ||
| 650 | 7 | |a DERECHO LABORAL |2 CL-VaPUC |9 15 | |
| 650 | 7 | |a DERECHO PROCESAL LABORAL |2 CL-VaPUC |9 545957 | |
| 650 | 7 | |a CODIGO DE PROCEDIMIENTO LABORAL |2 CL-VaPUC |9 533952 | |
| 650 | 7 | |a TRIBUNALES LABORALES |2 CL-VaPUC |9 540815 | |
| 650 | 7 | |a JUICIOS LABORALES |2 CL-VaPUC |9 545958 | |
| 650 | 7 | |a IMPUGNACIONES |2 CL-VaPUC |9 545959 | |
| 583 | |a last modification |c 20170803 01:04:36 |k Rodrigo Vera | ||
| 999 | |c 350460 |d 350458 | ||
| 952 | |0 0 |1 0 |4 0 |6 344_830100000000000_PEÑ_2012 |7 0 |8 A |9 453787 |a BIBDER |b BIBDER |d 2019-11-22 |i 4933907 |l 1 |o 344.8301 PEÑ 2012 |p 4933907 |r 2023-01-25 |s 2022-06-29 |w 2019-11-22 |y BK |k DER | ||